000 00515nmm a2200169Ia 4500
008 251105s9999||||xx |||||||||||||||||und||
041 _aspa
100 _aRodrigo, Alberto
245 0 _aMucho más que dos
264 _a[Madrid, España] :
_bEditorial La Calle,
_c[Fecha de publicación no identificada]
300 _a218 páginas
650 _aMind, body and spirituality
700 _aRodrigo, Alberto
700 1 _a Frías, Marian
856 _uhttps://public.digitaliapublishing.com/a/85077
942 _cCF
999 _c70621
_d70621